000 00193 a2200097 4500
001 43011
100 _aBell
245 _aSoldiers glory
260 _aLondon
_bG Bell
_c
090 _c26884
_d26884
942 _aNUST-CAE
_cM
_c18762
999 _c278084
_d278084